Apologia Pro Vita Sua: An authoritiative text basic texts of the newman-kingsley controversy origin and reception of the apologia essays in criticism (Record no. 247916)
[ view plain ]
| 000 -LEADER | |
|---|---|
| fixed length control field | 00342 a2200097 4500 |
| 001 - CONTROL NUMBER | |
| control field | 12843 |
| 090 ## - LOCALLY ASSIGNED LC-TYPE CALL NUMBER (OCLC); LOCAL CALL NUMBER (RLIN) | |
| -- | 9826 |
| -- | 9826 |
| 100 ## - MAIN ENTRY--PERSONAL NAME | |
| Personal name | Newman,J H C |
| 245 ## - TITLE STATEMENT | |
| Title | Apologia Pro Vita Sua: An authoritiative text basic texts of the newman-kingsley controversy origin and reception of the apologia essays in criticism |
| 260 ## - PUBLICATION, DISTRIBUTION, ETC. | |
| Place of publication, distribution, etc. | |
| Name of publisher, distributor, etc. | W.W.Norton & Company |
| Date of publication, distribution, etc. | |
| 942 ## - ADDED ENTRY ELEMENTS (KOHA) | |
| Institution code [OBSOLETE] | NUST-CAE |
| Koha item type | |
| -- | |
| Withdrawn status | Lost status | Damaged status | Not for loan | Collection code | Permanent Location | Current Location | Date acquired | Total Checkouts | Barcode | Date last seen | Price effective from | Koha item type |
|---|---|---|---|---|---|---|---|---|---|---|---|---|
| College of Aeronautical Engineering (CAE) | College of Aeronautical Engineering (CAE) | 04/03/2017 | CAEN-2943 | 04/05/2017 | 04/05/2017 | Book |
